000 00445nmm a2200157Ia 4500
008 251105s9999||||xx |||||||||||||||||und||
020 _a9587090802
041 _aspa
100 _aCadavid Misas, Roberto
245 0 _aCursillo de historia sagrada
264 _a[Bogotá, Colombia] :
_bIntermedio Editores,
_c2004
300 _a128 páginas
650 _aReligion(s)
856 _uhttps://public.digitaliapublishing.com/a/52366
942 _cCF
999 _c74423
_d74423